| 000 | 00647nam a22002417a 4500 | ||
|---|---|---|---|
| 003 | dpl | ||
| 005 | 20180622130236.0 | ||
| 008 | 180622b xxu||||| |||| 00| 0 eng d | ||
| 010 | _aB-094548 | ||
| 016 | _aB-094548 | ||
| 020 |
_a8175241489 _c500.00 |
||
| 035 | _aB-094548 | ||
| 037 | _bBPPD/PUB | ||
| 040 | _c0 | ||
| 082 | _a796 | ||
| 100 | _aShekar K. Chandra | ||
| 245 |
_aSports Physiotheraphy _cn |
||
| 260 |
_aNew Delhi _bKhel Sahitya Kendra _c2005 |
||
| 270 |
_aChawla Offset Printers _bNew Delhi _e110052 |
||
| 300 |
_a304p. _c22 cm (Hb) |
||
| 650 | _aSports | ||
| 942 |
_adpl _cEN _k796 / CHA _2ddc _h796 _mCHA |
||
| 999 |
_c152965 _d152965 |
||